000 01064nam a22003137a 4500
003 CHAP
005 20220817044458.0
008 110908s1963 mx a r 00010 spa d
010 _a102058
011 _a103030
035 _a113719
040 _cCHAP
090 _aFolleto 18052
100 0 0 _aPalacios Vélez, Enrique.
_984851
245 1 0 _aCuánto, cuándo y cómo regar
_c/por Enrique Palacios Vélez
260 _aMéxico :
_bSARH. Dirección General de Distritos y Unidades de Riego,
_c[1963]
300 _a44 p. :
_bilus., gráfs., tablas
490 0 _aMemorándum técnico
_v; 195
590 _aBATCH-UPD
_b10
_c20130110
_lUCH01
_h1948
590 _aBATCH-UPD
_b10
_c20130410
_lUCH01
_h1310
590 _aBATCH-UPD
_b10
_c20130914
_lUCH01
_h1658
590 _aCONVERSION
_b10
_c20130109
_lUCH01
_h1356
650 1 4 _aAgua
_xAbastecimiento
_xMexico.
_92249
650 1 4 _aIrrigación
_xMéxico.
_960433
830 0 _aMemorandum técnico
_v; 195
901 _aBK
942 _cFOLL
949 _aFolleto 18052
_bBC
_cFOLL
_d33724002303272
_eTS1
_gDonaciØn
_i113719
_sb
999 _c102058
_d102058